000 00513nam a2200157 i 4500
001 84471
003 ES-MaACL
005 20230906175023.0
007 t|
008 041122s1919 ne ||||1| fre d
100 1 _aJitta, Josephus.
_966670
245 1 3 _aLa renovation du droit international sur la base d'une communante juridique du geure humain
_b: expose systematique /
_cpar Josephus Jitta.
260 _aLa Haye :
_bMartinus Nijhoff,
_c1919.
300 _aXVI, 158 p. ;
_c25 cm.
852 _aES-MaACL
_jF-4799
999 _c84471
_d84471